Loading...

World Resources, 1994-95: A report by The World Resources Institute in collaboration with The United Nations Environment Programme and The United Nations Development Programme

Bibliografiske detaljer
Hovedforfatter: World Resources Institute in collaboration with The United Nations Environment Programme and The United Nations Development Programme
Format: Printed Book
Udgivet: Oxford University Press, Delhi 1995
Fag:
LEADER 00768nam a2200193 4500
020
082 |a 577 WOR-W 
100 |a World Resources Institute in collaboration with The United Nations Environment Programme and The United Nations Development Programme 
245 |a World Resources, 1994-95: A report by The World Resources Institute in collaboration with The United Nations Environment Programme and The United Nations Development Programme 
250
260 |a Oxford University Press, Delhi  |c 1995 
300
490
500
590 |a PJ 
650 |a Ecology-- Biodiversity-- Conservation 
942 |c BK 
999 |c 91299  |d 91299 
952 |0 0  |1 0  |4 0  |6 577_000000000000000_WORW  |7 0  |9 104767  |a ZGY  |b ZGY  |l 0  |o 577 WOR-W  |p ZGY03836  |r 2019-09-25  |w 2019-09-25  |y BK